| 000 | 00400nam a2200145Ia 4500 | ||
|---|---|---|---|
| 008 | 220216s9999 xx 000 0 und d | ||
| 100 | _aSivakumarana S. | ||
| 245 | 0 | _aSustainable cultivation of rubber: A possible framework | |
| 260 |
_bThe Rubber International _c2010 |
||
| 300 | _a34-42 | ||
| 650 | _aEco-rubber label | ||
| 650 | _aSustainable agriculture | ||
| 700 | _aTee Ng Kok | ||
| 942 | _cJS | ||
| 999 |
_c70074 _d70074 |
||